000 00573nam a2200229Ia 4500
003 OSt
005 20221005121406.0
006 a|||||r|||| 00| 0
007 ta
008 221004b |||||||| |||| 00| 0 kan d
024 _a60933
037 _cTextual
040 _aCRL
_cCRL
_bkan
041 _2kan
_akan
082 _aO33,3NVE7,1, K6
100 _aVenkataramappa Au.
_9624804
245 0 _aHaravilasa
260 _c1966
650 _aKANNAD FICTION
942 _hO33,3NVE7,1, K6
_cTEXL
_2cc
999 _c1041021
_d1041021